Nguyên lý gia công vật liệu
Trình bày về vật liệu phần cắt dụng cụ, thông số hình học phần cắt dụng cụ, động học quá trình cắt, hiện tượng nhiệt trong quá trình cắt, mòn và tuổi bền của dụng cụ cắt, tính toán thời gian gia công, mài...
Đã lưu trong:
| 主要作者: | |
|---|---|
| 格式: | 圖書 |
| 語言: | Undetermined |
| 出版: |
Hà Nội
Khoa học và Kỹ thuật
2013
|
| 主題: | |
| 標簽: |
添加標簽
沒有標簽, 成為第一個標記此記錄!
|
| Thư viện lưu trữ: | Trung tâm Học liệu Trường Đại học Cần Thơ |
|---|
| LEADER | 00957nam a2200205Ia 4500 | ||
|---|---|---|---|
| 001 | CTU_196594 | ||
| 008 | 210402s9999 xx 000 0 und d | ||
| 020 | |c 180000 | ||
| 082 | |a 671.3 | ||
| 082 | |b L431 | ||
| 100 | |a Bành, Tiến Long | ||
| 245 | 0 | |a Nguyên lý gia công vật liệu | |
| 245 | 0 | |c Bành Tiến Long, Trần Thế Lục, Trần Sỹ Tuý | |
| 260 | |a Hà Nội | ||
| 260 | |b Khoa học và Kỹ thuật | ||
| 260 | |c 2013 | ||
| 520 | |a Trình bày về vật liệu phần cắt dụng cụ, thông số hình học phần cắt dụng cụ, động học quá trình cắt, hiện tượng nhiệt trong quá trình cắt, mòn và tuổi bền của dụng cụ cắt, tính toán thời gian gia công, mài | ||
| 650 | |a Manufacturing processes,Quy trình sản xuất | ||
| 904 | |i Hải | ||
| 980 | |a Trung tâm Học liệu Trường Đại học Cần Thơ | ||